| 000 | 00675 a2200181 4500 | ||
|---|---|---|---|
| 999 |
_c1576 _d1576 |
||
| 020 | _a0908307853 | ||
| 050 | 0 | 0 | _aHD5842.3 JOH 2000 |
| 100 | 1 |
_aJohnson, David. _eauthor |
|
| 245 | 1 | 0 |
_aWorld War II and the scramble for labour in colonial Zimbabwe, 1939-1948 / _cDavid Johnson. |
| 264 |
_aHarare _bUniversity of Zimbabwe Publications _c2000 |
||
| 300 |
_a179 p. : _bmaps ; |
||
| 500 | _aIncludes index | ||
| 504 | _aIncludes bibliographical references (p. 168-174) | ||
| 650 | 0 |
_aLabor supply _xHistory |
|
| 650 | 0 |
_aWorld War, 1939-1945 _xEconomic aspects |
|
| 942 |
_2lcc _cBK _h5842.3 _iJOH _kHD |
||